[Event "Bialystok Zamenhof Memorial-B 36th"]
[Site "Bialystok"]
[Date "2017.12.27"]
[Round "2"]
[White "Pajak, Jakub Lech"]
[Black "Zolkiewski, Jakub"]
[Result "1-0"]
[WhiteElo "1943"]
[BlackElo "1754"]
[PlyCount "95"]
[EventDate "2017.12.27"]
[EventType "swiss"]
[EventRounds "9"]
[EventCountry "POL"]
[SourceTitle "CBM 182 Extra"]
[Source "ChessBase"]
[SourceDate "2018.02.23"]
[SourceVersion "1"]
[SourceVersionDate "2018.02.23"]
[SourceQuality "1"]

1. d4 Nf6 2. Nc3 d5 3. Bg5 e6 4. e4 dxe4 5. Nxe4 Be7 6. Bxf6 Bxf6 7. c3 Nd7 8. Bb5 Qe7 9. Qf3 c6 10. Nxf6+ Qxf6 11. Ba4 0-0 12. 0-0-0 e5 13. Qxf6 Nxf6 14. Ne2 Ng4 15. Rdf1 exd4 16. Nxd4 Rd8 17. h3 Ne5 18. Bc2 c5 19. Nb3 b6 20. Re1 Nc4 21. Re7 a5 22. Rd1 Rxd1+ 23. Bxd1 Be6 24. Nd2 Nxd2 25. Kxd2 Bxa2 26. Bf3 Rd8+ 27. Kc2 Be6 28. Rb7 Bf5+ 29. Kc1 g6 30. Rxb6 Bd3 31. Rc6 c4 32. Ra6 Re8 33. Rxa5 Re1+ 34. Kd2 Rf1 35. Ke3 h6 36. Bd5 Re1+ 37. Kf3 Re7 38. Rc5 Kg7 39. Bxc4 Bxc4 40. Rxc4 Rb7 41. b4 Kf6 42. Rc5 Ke6 43. b5 Kd6 44. Rc6+ Kd5 45. c4+ Kd4 46. b6 h5 47. c5 Kd5 48. Rc7 1-0

[Event "POL-ch U14"]
[Site "Suwalki"]
[Date "2015.04.08"]
[Round "1"]
[White "Nowak, Mikolaj"]
[Black "Zolkiewski, Jakub"]
[Result "1-0"]
[WhiteElo "1939"]
[BlackElo "1609"]
[PlyCount "87"]
[EventDate "2015.04.08"]
[EventType "swiss"]
[EventRounds "9"]
[EventCountry "POL"]
[SourceTitle "EXT 2017"]
[Source "ChessBase"]
[SourceDate "2016.10.25"]
[SourceVersion "1"]
[SourceVersionDate "2016.10.25"]
[SourceQuality "1"]

1. e4 c5 2. Nf3 d6 3. c3 Nf6 4. Bd3 Nc6 5. Bc2 g6 6. h3 Bg7 7. d4 cxd4 8. cxd4 0-0 9. 0-0 Bd7 10. Nc3 Rc8 11. Be3 Na5 12. Qd3 Nc4 13. Bc1 Qc7 14. b3 Na3 15. Bxa3 Qxc3 16. Rac1 Bh6 17. Qe2 Bxc1 18. Rxc1 Qa5 19. Bb2 Bb5 20. Qd1 Qxa2 21. Ba1 Qa6 22. e5 Nd5 23. Be4 Nf4 24. Kh2 d5 25. Bc2 Ne2 26. Qd2 Kg7 27. Bb2 Qa2 28. Rb1 Rc7 29. Bd3 Bxd3 30. Qxd3 Nf4 31. Qd1 Rfc8 32. Ne1 Ne2 33. Nd3 Nc3 34. Bxc3 Rxc3 35. Nf4 e6 36. Ra1 Qxf2 37. Qg4 Rc1 38. Rxc1 Rxc1 39. Qg5 Qg1+ 40. Kg3 Rc3+ 41. Kh4 Qf2+ 42. g3 Rxg3 43. Nh5+ Kf8 44. Qd8# 1-0

[Event "POL Olympiad U14"]
[Site "Walbrzych"]
[Date "2013.??.??"]
[Round "1.11"]
[White "Sernecki, Franciszek"]
[Black "Zolkiewski, Jakub"]
[Result "1/2-1/2"]
[WhiteElo "1696"]
[BlackElo "1489"]
[PlyCount "120"]
[EventDate "2013.04.??"]
[EventType "team-swiss"]
[EventRounds "9"]
[EventCountry "POL"]
[SourceTitle "EXT 2014"]
[Source "ChessBase"]
[SourceDate "2013.11.20"]
[SourceVersion "1"]
[SourceVersionDate "2013.11.20"]
[SourceQuality "1"]

1. e4 c5 2. Nf3 e6 3. d4 cxd4 4. Nxd4 a6 5. Nc3 Qc7 6. Be3 Nf6 7. Bd3 Bb4 8. Bd2 0-0 9. 0-0 Nc6 10. Nxc6 dxc6 11. Qe2 e5 12. h3 h6 13. Rad1 Be6 14. a3 Bd6 15. Qf3 Be7 16. Qe3 Bd6 17. Ne2 c5 18. c3 c4 19. Bc2 Rad8 20. Qf3 Be7 21. Ng3 Qc6 22. Bc1 b5 23. Nf5 Bxf5 24. Qxf5 Qc7 25. Be3 Rfe8 26. Qf3 Nd7 27. Rd2 Nc5 28. Rfd1 Rxd2 29. Rxd2 Rd8 30. Qd1 Rxd2 31. Qxd2 Qd6 32. Qxd6 Bxd6 33. Bxc5 Bxc5 34. Kf1 a5 35. Bd1 Kf8 36. Bg4 b4 37. axb4 axb4 38. Be2 bxc3 39. bxc3 Ba3 40. Ke1 Bc5 41. Bxc4 f6 42. Ke2 Ke7 43. Kf3 g5 44. Kg3 Kd6 45. f3 Be3 46. Kg4 Bd2 47. Kf5 Ke7 48. Kg6 Bxc3 49. Kxh6 Be1 50. Kg6 Bh4 51. Kf5 Be1 52. Kg4 Kf8 53. Bd5 Kg7 54. g3 Bf2 55. h4 gxh4 56. gxh4 Be3 57. Kf5 Bh6 58. Bg8 Kxg8 59. Kxf6 Bf4 60. Kg6 Kh8 1/2-1/2

[Event "POL Olympiad U14"]
[Site "Walbrzych"]
[Date "2013.??.??"]
[Round "6.14"]
[White "Zolkiewski, Jakub"]
[Black "Dabrowski, Damian"]
[Result "1-0"]
[WhiteElo "1489"]
[BlackElo "1589"]
[PlyCount "119"]
[EventDate "2013.04.??"]
[EventType "team-swiss"]
[EventRounds "9"]
[EventCountry "POL"]
[SourceTitle "EXT 2014"]
[Source "ChessBase"]
[SourceDate "2013.11.20"]
[SourceVersion "1"]
[SourceVersionDate "2013.11.20"]
[SourceQuality "1"]

1. d4 Nf6 2. c4 c5 3. e3 g6 4. b3 Bg7 5. Bb2 0-0 6. Nf3 cxd4 7. exd4 d5 8. Be2 Nc6 9. 0-0 dxc4 10. Bxc4 Na5 11. Nbd2 Nxc4 12. Nxc4 Nd5 13. Qd2 Be6 14. Rfe1 Rc8 15. Rac1 Bg4 16. Nce5 Bxf3 17. Nxf3 Qd6 18. Ne5 b5 19. h3 e6 20. a3 Rfd8 21. Red1 a6 22. Rxc8 Rxc8 23. Rc1 Rc7 24. Rxc7 Qxc7 25. Qc1 Qxc1+ 26. Bxc1 Bxe5 27. dxe5 Kf8 28. Kf1 Ke7 29. g3 a5 30. Bd2 b4 31. axb4 axb4 32. Ke2 Kd7 33. Kd3 Kc6 34. Kc4 Nb6+ 35. Kxb4 Kd5 36. Kb5 Nd7 37. Bf4 g5 38. Bxg5 Nxe5 39. Be3 f5 40. b4 Ke4 41. Ka6 Kd5 42. b5 Nd7 43. b6 Kc6 44. Ka7 e5 45. b7 Kd5 46. b8Q Nxb8 47. Kxb8 Ke4 48. Kc7 Kf3 49. Kd6 f4 50. gxf4 exf4 51. Bb6 Kg2 52. Ke5 Kxh3 53. Kxf4 h5 54. Kg5 h4 55. f4 Kg3 56. f5 h3 57. Bc7+ Kg2 58. f6 h2 59. Bxh2 Kxh2 60. f7 1-0